Statistieken voor Nederlandse Provinciehoofdsteden

Klik hier om de quiz te nemen!

Algemene statistieken

  • Deze quiz is 679 keer genomen
  • De gemiddelde score is 10 van 12

Antwoorden op de kaart

Antwoorden kleurgecodeerd door een groen-rode schaal op de quizkaart volgens % correct hieronder.
 

Antwoordstatistieken

ProvincieHoofdstad% Correct
GroningenGroningen
96%
UtrechtUtrecht
95%
Zuid-HollandDen Haag
91%
LimburgMaastricht
85%
Noord-HollandHaarlem
84%
FlevolandLelystad
81%
DrentheAssen
79%
FrieslandLeeuwarden
79%
ZeelandMiddelburg
79%
GelderlandArnhem
78%
Noord-BrabantDen Bosch
75%
OverijsselZwolle
75%

Scoreverdeling

Percentiel versus Aantal Correcte Antwoorden

Procent van Mensen met Elke Score

Uw Scoregeschiedenis

U heeft deze quiz nog niet genomen